00765nam a2200229 a 4500008004100000020003200041040002500073041001300098044001100111080001000122100002800132245007100160250001300231260006500244490002100309500003300330700002900363700002400392958000600416999001700422952009600439951212s1974||||[C 0 slo c c26 Kčs. q(30000 výtl.) aSNKbslocSNKeAACR21 aslohfre axocSK a840-31 aMaupassant, Guy de4aut10aMiláčikcGuy de Maupassant ; Štefan Horváth, Pavel Blažo a3., vyd. aBratislavabTatranc1974eBanská BystricafTlačiarne SNP0 aSvetová tvorba aRozlož. ilustr. tit. list.1 aHorváth, Štefan4trl1 aBlažo, Pavel4bkd aA c10602d10602 001040708Ka10000b10000d2019-11-29g26.00i09973oB 4152r2019-11-29w2019-11-29yKLDO